Odd One Out: Fruit and Vegetable Varieties - Statistics

General Stats
  • This quiz has been taken 74 times
  • The average score is 9 of 15
Answer Stats
Question Answer % Correct
Which is not a real variety of Orange? Doppelganger
100%
... Apple? Chief
86%
... Tomato? Lington
71%
... Lemon? Roosevelt
71%
... Onion? Sloane
71%
... Cherry? Bravo
57%
... Chilli/Pepper? Camino
57%
... Carrot? Copier
57%
... Grapes? Delta
57%
... Mango? Lapin
57%
... Potato? Rocket
57%
... Pumpkin? String
57%
... Lettuce? Harfield
43%
... Banana? Monaster
43%
... Cauliflower? Frost Hybrid
29%
No matching quizzes found
Score Distribution
Percent of People with Each Score
Percentile by Number Answered
Your Score History
You have not taken this quiz